000
00333 a2200157 4500
001
62490
020
_a
8506029325
040
_c
Anchieta - Pituba
100
_a
London, Jack
240
1
0
_a
Caninos brancos
_l
por
245
1
0
_a
Caninos brancos
300
_a
237
362
0
_a
1998
650
4
_a
Ficção norte-americana
942
_c
BK
999
_c
62490
_d
62490